Geografija Turcii.

Uložené v:
Podrobná bibliografia
Hlavný autor: Darkot, B. (Author)
Médium: Kniha
Jazyk:Russian
Vydané: Moskva : Gosinoizdat, 1959.
Fyzický popis: 171 strán.
Tagy: Pridať tag
Žiadne tagy, Buďte prvý kto otaguje tento záznam!

MARC

LEADER 00000nam a22000002i 4500
001 000650430
005 20201202100347.0
008 201202s1959 ru e 000 0 rus d
020 |c Kčs 8,70  |q (viazané) 
040 |a SVKKK  |b slo  |c SVKKK  |e rda 
100 1 |a Darkot, B.  |4 aut 
245 1 0 |a Geografija Turcii. 
264 1 |a Moskva :  |b Gosinoizdat,  |c 1959. 
300 |a 171 strán. 
336 |a text  |b txt  |2 rdacontent 
337 |a bez média  |b n  |2 rdamedia 
338 |a zväzok  |b nc  |2 rdacarrier 
500 |a Záznam revízie 
910 |a svkkk 
998 |a BK 
090 |g SCKHL  |k Sklad Pribinova 2. posch.  |a III.79434  |j 186365  |i 2720755489  |4 Zastaraná  |s Vyradená